Statistics for Country Shape Puzzle: Jetpunk

Click here to take the quiz!

General Stats

  • This quiz has been taken 158 times
    (151 since last reset)
  • The average score is 15 of 20

Answers on the Map

Answers color-coded by a green-red scale on the quiz's map according to % correct below.
Loading ...
 

Answer Stats

Answer% Correct
JJapan
99%
ECyprus
94%
KLaos
86%
EPortugal
86%
NArgentina
86%
PSweden
82%
UNew Zealand
82%
KMorocco
80%
KPanama
77%
UNepal
76%
NCuba
74%
TPeru
70%
TMadagascar
67%
UGuyana
66%
ETaiwan
66%
NSerbia
64%
EBhutan
60%
POman
60%
JTunisia
56%
PUnited Arab Emirates
54%

Score Distribution

Percentile by Number Answered

Percent of People with Each Score

Your Score History

You have not taken this quiz since the last reset